| 000 | 00426nam a22001577a 4500 | ||
|---|---|---|---|
| 020 | _a8181110668 | ||
| 082 |
_aH1 _bSUR/E |
||
| 100 |
_aSurajbhan Singh Kalamjeet _946877 |
||
| 245 |
_aEk aas ho tum meri/ _cby Surajbhan Singh Kalamjeet |
||
| 260 |
_aMathura: _bJawahar Pustakaly, _c2007. |
||
| 300 | _a103p. | ||
| 650 |
_aPoetry Hindi _946878 |
||
| 650 |
_aLiterature Hindi _946879 |
||
| 650 |
_aLiterature _946880 |
||
| 942 | _cBK | ||
| 999 |
_c71700 _d71700 |
||